| LEADER |
01006nam0a2200205 450 |
| 001 |
16840843 |
| 010 |
|
|
|a 978-2-07-514524-4
|b cart.
|d 15,9
|
| 100 |
|
|
|a 20200220d2026 u u0frey01 ba
|
| 101 |
1 |
|
|a fre
|c por
|
| 102 |
|
|
|a FR
|
| 200 |
0 |
|
|a Alfonsina, reine du vélo
|e reine du vélo
|f Joan Negrescolor
|
| 207 |
|
1 |
|a
|
| 210 |
|
|
|a Paris Cedex 07
|b 5, rue Sebastien-Bottin
|c Gallimard jeunesse
|d DL 2021
|
| 215 |
|
|
|a 1 vol. (48 p.)
|c illustrations en couleur
|d 29 cm
|
| 300 |
|
|
|a Traduit de l'espagnol
|
| 330 |
|
|
|a A 10 ans, Alfonsina reçoit son premier vélo. Trois ans plus tard, elle remporte sa première course. Un hommage à Alfonsina Strada (1891-1959), qui a participé à de nombreuses épreuves cyclistes, à une époque où les femmes étaient exclues de la plupart des compétitions sportives. Electre 2021
|
| 700 |
|
0 |
|a Negrescolor
|b Joan
|f 1978-....
|4 70
|
| 900 |
|
|
|a Album
|
| 901 |
|
|
|a Accessible au prêt
|
| 995 |
|
|
|a Bibliothèque
|c Bibliothèque
|f 024024570
|h 024024570
|k A NEG
|o p
|q j
|r az
|e Bibliothèque
|